000
00310nam a22001337a 4500
020
_a
81-8269-625-9
082
_a
001
_b
THA/B
100
_a
THAKUR, DEVENDAR
245
_a
BELIEVE IT OR NOT
260
_a
DELHI
_b
BLACK ROSE PUBLICATIONS
_c
2005
300
_a
343
650
_a
GENERAL KNOWLEDGE
_z
INDIA
942
_c
BK
999
_c
6579
_d
6579